| 000 | 00743cam a22002533a 4500 | ||
|---|---|---|---|
| 001 | 2587 | ||
| 003 | PGUSA | ||
| 005 | 20140828083017.0 | ||
| 008 | 060331s2006||||xxu|||||s|||||000 | eng d | ||
| 040 |
_aPGUSA _beng |
||
| 042 | _adc | ||
| 050 | 4 | _aPQ | |
| 100 | 1 |
_aCalderón de la Barca, Pedro, _d1600-1681 |
|
| 245 | 1 | 0 |
_aLife Is a Dream _h[electronic resource] / _cPedro Calderón de la Barca |
| 260 |
_bProject Gutenberg, _c2006 |
||
| 500 | _aSee also PG#6363 tr. by Denis Florence MacCarthy | ||
| 506 | _aPublic domain in the USA. | ||
| 516 | _aElectronic text | ||
| 653 | _aDrama | ||
| 700 | 1 |
_aFitzGerald, Edward, _d1809-1883 |
|
| 830 | 0 |
_aProject Gutenberg _v2587 |
|
| 856 | 4 | 0 | _uhttp://www.gutenberg.org/ebooks/2587 |
| 942 | _cEB | ||
| 999 |
_c231924 _d231924 |
||